Central Library OPAC University of Rajshahi

Problems in management : (Record no. 16149)

MARC details
000 -LEADER
fixed length control field 00979nam a2200313 4500
001 - CONTROL NUMBER
control field 16149
003 - CONTROL NUMBER IDENTIFIER
rucl marc code BD-RJUL
005 - DATE AND TIME OF LATEST TRANSACTION
control field 20211208235949.0
008 - FIXED-LENGTH DATA ELEMENTS--GENERAL INFORMATION
fixed length control field 140211s19701967enkabek 001 0 eng
035 ## - SYSTEM CONTROL NUMBER
System control number MITb10156510
System control number (BD-RJUL)16204
System control number GLIS00156510
040 ## - CATALOGING SOURCE
Original cataloging agency DLC
Transcribing agency DLC
Modifying agency MYG
Language of cataloging eng
041 ## - LANGUAGE CODE
Language code of text/sound track or separate title eng
082 ## - DEWEY DECIMAL CLASSIFICATION NUMBER
Classification number 658.076
Author mark and year PRO 1970
090 ## - LOCALLY ASSIGNED LC-TYPE CALL NUMBER (OCLC); LOCAL CALL NUMBER (OCLC)
Classification number (OCLC) (R) ; Classification number, CALL (RLIN) (NR) HD31
Local cutter number (OCLC) ; Book number/undivided call number, CALL (RLIN) .P962
099 ## - LOCAL FREE-TEXT CALL NUMBER (OCLC)
Bangla Class number HD31.P962
245 00 - TITLE STATEMENT
Title Problems in management :
Remainder of title ASCI case collection, second series/
Statement of responsibility, etc. By Abad Ahmed [and others]
260 ## - PUBLICATION, DISTRIBUTION, ETC. (IMPRINT)
Place of publication, distribution, etc. London :
Name of publisher, distributor, etc. Asia Pub. House,
Date of publication, distribution, etc. c1967.[Reprinting 1970]
300 ## - PHYSICAL DESCRIPTION
Pagination xii, 244 p. :
Illustrations illus., form, map, plans. ;
Size 22 cm.
504 ## - BIBLIOGRAPHY, ETC. NOTE
Bibliography, etc includes index
650 #0 - SUBJECT ADDED ENTRY--TOPICAL TERM
Topical term or geographic name as entry element Industrial management
Form subdivision Case studies.
9 (RLIN) 46274
Topical term or geographic name as entry element Industrial management
Geographic subdivision India.
9 (RLIN) 45944
700 0# - ADDED ENTRY--PERSONAL NAME
Personal name Abad Ahmed.
710 2# - ADDED ENTRY--CORPORATE NAME
Corporate name or jurisdiction name as entry element Administrative Staff College of India.
9 (RLIN) 49989
942 ## - ADDED ENTRY ELEMENTS (KOHA)
Source of classification or shelving scheme Dewey Decimal Classification
Koha item type Books
Holdings
Lost status Source of classification or shelving scheme Damaged status Not for loan Collection code Permanent Location Current Location Shelving location Date acquired Source of acquisition Cost, normal purchase price Total Checkouts Full call number Date last seen Copy number Koha item type
  Dewey Decimal Classification   Not For Loan Non-fiction Central Library, University of Rajshahi Central Library, University of Rajshahi Reading Room 13/05/1978 asi pub. human 20.00   658.076 PRO 1970 11/02/2014 C-1 Books